000 00341nam a22001457a 4500
008 230317b ||||| |||| 00| 0 eng d
020 _a9780721684819
041 _aeng
080 _a616.31
082 _a616.31BEN
100 _a12
101 _aSTOMATOLOGJI
245 _aMEDICAL EMERGENCIES IN DENTISTRY
_cBENNETT.D.J
942 _2udc
_cBK
999 _c59386
_d59386